| 000 | 00548nam a2200217Ia 4500 | ||
|---|---|---|---|
| 003 | GCL | ||
| 008 | 140319s9999 xx 000 0 eng d | ||
| 040 |
_aGCL / _cGCL |
||
| 082 | 0 | 4 |
_a641.8654 _bA B |
| 100 | 1 | _aREARDON, PAUL | |
| 245 | 1 | 0 |
_aBISCUITS,COOKIES AND CRACHERS / _cREARDON, PAUL |
| 700 | 1 | _aWADE, PETER | |
| 700 | 1 | _aALMOND, NOEL | |
| 700 | 1 | _aGORDON, MICHAEL H | |
| 260 |
_a[S.N] : _bElsevier Applied Science ، _c1988 |
||
| 300 | _a341 P | ||
| 650 | 0 | 4 | _aBISCUITS |
| 650 | 0 | 4 | _aCRACKERS |
| 650 | 0 | 4 | _aCOOKIES |
| 942 |
_2ddc _cBK |
||
| 999 |
_c17167 _d17167 |
||